Spectral theory of multivalued linear operators (Record no. 755062)

MARC details
000 -LEADER
fixed length control field 00425nam a22001577a 4500
020 ## - INTERNATIONAL STANDARD BOOK NUMBER
ISBN 9781771889667
100 ## - MAIN ENTRY--AUTHOR NAME
Personal name Ammar, Aymen
245 ## - TITLE STATEMENT
Title Spectral theory of multivalued linear operators
260 ## - PUBLICATION, DISTRIBUTION, ETC. (IMPRINT)
Place of publication Canada
Name of publisher Apple academic press
Year of publication 2022
300 ## - PHYSICAL DESCRIPTION
Number of Pages xviii+295
650 ## - SUBJECT ADDED ENTRY--TOPICAL TERM
Topical Term Pseudospectra
650 ## - SUBJECT ADDED ENTRY--TOPICAL TERM
Topical Term Linear relation
700 ## - ADDED ENTRY--PERSONAL NAME
Personal name Jeribi, Aref
942 ## - ADDED ENTRY ELEMENTS (KOHA)
Source of classification or shelving scheme Dewey Decimal Classification
Koha item type Book
Holdings
Withdrawn status Lost status Source of classification or shelving scheme Damaged status Not for loan Collection code Home Library Current Location Shelving location Date acquired Source of acquisition Cost, normal purchase price Full call number Accession Number Price effective from Koha item type
    Dewey Decimal Classification     Gift or donation Dept. of Mathematics Dept. of Mathematics General Stacks 08/01/2026 Donated by Dr. Krishna Kumar G on the completion of SERB sponsored project (UO. No: Ad.F1/1373/2021 dated 22/01/2024) 13469.10 515.7222 AMM-S MATG251 13/01/2026 Book